000
00271nam a2200109Ia 4500
008
240625s9999 xx 000 0 und d
041
_a
eng
082
_a
332.0285554 SEN
100
_a
SENGUPTA CHANDAN
245
_a
FINANCIAL ANALYSIS AND MODELING USING EX
260
_c
2004
999
_c
40345
_d
40345